ARRUPE JESUIT UNIVERSITY

CORONAVIRUS -STOP THE SPREAD - CLEAN,DISINFECT,COVER

Faith, hope, and chastity : (Record no. 118401)

MARC details
000 -LEADER
fixed length control field 00968cam a2200301 a 4500
001 - CONTROL NUMBER
control field 11793302
003 - CONTROL NUMBER IDENTIFIER
control field ARRUPE
005 - DATE AND TIME OF LATEST TRANSACTION
control field 20140111020020.0
008 - FIXED-LENGTH DATA ELEMENTS--GENERAL INFORMATION
fixed length control field 990922s1999 enk 000 0 eng d
010 ## - LIBRARY OF CONGRESS CONTROL NUMBER
LC control number 99488562
015 ## - NATIONAL BIBLIOGRAPHY NUMBER
National bibliography number GB99-Y9326
020 ## - INTERNATIONAL STANDARD BOOK NUMBER
International Standard Book Number 0006281362
035 ## - SYSTEM CONTROL NUMBER
System control number (OCoLC)ocm40883147
040 ## - CATALOGING SOURCE
Original cataloging agency UKM
Transcribing agency UKM
Modifying agency MNJ
-- DLC
042 ## - AUTHENTICATION CODE
Authentication code lccopycat
050 00 - LIBRARY OF CONGRESS CALL NUMBER
Classification number BX1912
Item number .F34 1999
300 ## - PHYSICAL DESCRIPTION
Dimensions 22 cm.
100 ## - MAIN ENTRY--PERSONAL NAME
Personal name Butler, Carolyn
9 (RLIN) 2751
245 00 - TITLE STATEMENT
Title Faith, hope, and chastity :
Remainder of title honest reflections from the Catholic priesthood /
Statement of responsibility, etc edited by Carolyn Butler.
246 14 - VARYING FORM OF TITLE
Title proper/short title Faith, hope & chastity
260 ## - PUBLICATION, DISTRIBUTION, ETC. (IMPRINT)
Place of publication, distribution, etc London :
Name of publisher, distributor, etc Fount,
Date of publication, distribution, etc 1999.
300 ## - PHYSICAL DESCRIPTION
Extent xvii, 171 p. ;
610 24 - SUBJECT ADDED ENTRY--CORPORATE NAME
Corporate name or jurisdiction name as entry element Catholic Church
General subdivision Clergy.
9 (RLIN) 2752
650 #0 - SUBJECT ADDED ENTRY--TOPICAL TERM
Topical term or geographic name as entry element Priesthood.
9 (RLIN) 2753
700 1# - ADDED ENTRY--PERSONAL NAME
Personal name Butler, Carolyn.
9 (RLIN) 2754
906 ## - LOCAL DATA ELEMENT F, LDF (RLIN)
a 7
b cbc
c copycat
d 3
e ncip
f 20
g y-gencatlg
942 ## - ADDED ENTRY ELEMENTS (KOHA)
Source of classification or shelving scheme Library of Congress Classification
Koha item type Monograph ( Printed materials)
Koha issues (borrowed), all copies 3
Holdings
Withdrawn status Lost status Source of classification or shelving scheme Damaged status Not for loan Collection code Home library Current library Shelving location Date acquired Total Checkouts Full call number Barcode Date last seen Date checked out Price effective from Koha item type
    Library of Congress Classification     Main Collection ARRUPE LIBRARY ARRUPE LIBRARY Main Collection 23/10/2013 3 BX1912 .F34 1999 46410743 22/11/2017 10/01/2014 23/10/2013 Monograph ( Printed materials)

 

Arrupe Library. PO Box MP320 Mt Pleasant, Harare, Zimbabwe
263 242 745411|librarian@aju.ac.zw